000 00524nam a2200157Ia 4500
003 GCL
005 20240530102431.0
008 140319s9999 xx 000 0 ara d
040 _aGCL /
_cGCL
082 0 4 _a810.95
_bع ا
100 0 _aعبدالحكيم بلبع
245 1 0 _aادب المعتزلة الى نهاية القرن الرابع الهجرى /
_cتاليف عبدالحكيم بلبع
260 _a[S.N] :
_bدار نهضة مصر للطبع والنشر ،
_c1979
300 _a391 ص
942 _2ddc
_cBK
999 _c32210
_d32210